00398nam a22001217a 4500008004100000020001600041082001100057100003100068245008800099260004900187300001000236710003000246230606b xxu||||| |||| 00| 0 eng d a929142000 x a342.07 cGuys S. GOODWIN-Gilld1994 aFree and Fair Elections bInternational Law and PracticecInter-parliamentary Union aSwitzerlandbInter-parliamentary Unionc1994 a123 p bInter-parliamentary Union